000
00275nam a2200133Ia 4500
100
_a
Rothery/ Brian
942
_c
BK
654
_a
ISO 9000
245
_a
ISO 9000
260
_b
Productivity & Quality Pub
_a
Madras
_c
1993
300
_a
248
546
_a
ENGLISH
999
_c
31010
_d
31010